000 00662nas a2200241 i 4500
001 1951
003 ES-MaACL
005 20250807062540.0
007 t|
008 950801d19211936sp m| | 1 ||pa d
022 _a1131-2246
080 _a61
245 0 0 _aRevista médica de Málaga.
260 _aMálaga :
_bAteneo de Ciencias Médicas,
_c1921-1936 (
_fSur)
300 _a7 v. ;
_c24 cm.
310 _aMensual
362 0 _aAño I (1923)-(1936)
650 1 7 _aMedicina
_2embne
_914891
710 2 _aAteneo de Ciencias Médicas (Málaga)
_91862
852 _aES-MaACL
_jHem-609
866 0 _o1932-33(1934f.oct.)(1935f.nov.)(1936)
999 _c1951
_d1951